Wird geladen...
Natyakarmi sarveshwardayal saxena/
| 1. Verfasser: | |
|---|---|
| Format: | Printed Book |
| Sprache: | Hindi |
| Veröffentlicht: |
Kanpur :
Aman Prakashan,
c2019.
|
| LEADER | 00501nam a22001457a 4500 | ||
|---|---|---|---|
| 008 | 200206b ||||| |||| 00| 0 hin d | ||
| 999 | |c 348413 |d 348413 | ||
| 020 | |a 9789388260275 | ||
| 041 | |a Hindi | ||
| 100 | |a Devidas Yashwant Ingle | ||
| 245 | |a Natyakarmi sarveshwardayal saxena/ |c Devidas Yashwant Ingle | ||
| 260 | |a Kanpur : |b Aman Prakashan, |c c2019. | ||
| 300 | |a 96p.; | ||
| 942 | |c BK | ||
| 952 | |0 0 |1 0 |2 ddc |4 0 |7 0 |9 401823 |a HIN |b HIN |c ST1 |d 2020-02-06 |e Book Shop |i 26190 |l 0 |p HIN26190 |r 2020-02-06 |v 200.00 |w 2020-02-06 |y BK | ||